Truyện tiếu lâm Trung quốc

Đã lưu trong:
Bibliografiske detaljer
Hovedforfatter: Truyện tiếu lâm Trung quốc
Format: Bog
Sprog:Undetermined
Udgivet: Thanh Hóa Nxb. Thanh Hóa 1993
Fag:
Tags: Tilføj Tag
Ingen Tags, Vær først til at tagge denne postø!
Thư viện lưu trữ: Trung tâm Học liệu Trường Đại học Cần Thơ
LEADER 00542nam a2200169Ia 4500
001 CTU_8296
008 210402s9999 xx 000 0 und d
082 |a 895.13 
082 |b T309 
100 |a Truyện tiếu lâm Trung quốc 
245 0 |a Truyện tiếu lâm Trung quốc 
245 0 |c Truyện tiếu lâm Trung quốc, Lê Văn Đình 
260 |a Thanh Hóa 
260 |b Nxb. Thanh Hóa 
260 |c 1993 
650 |a chinese literature,satire 
980 |a Trung tâm Học liệu Trường Đại học Cần Thơ